[Event "World Blitz 2025"]
[Site "Doha QAT"]
[Date "2025.12.30"]
[Round "17.81"]
[White "Altini, Nicola"]
[Black "Murshed, Niaz"]
[Result "1-0"]
[WhiteTitle "IM"]
[BlackTitle "GM"]
[WhiteElo "2360"]
[BlackElo "2341"]
[WhiteFideId "833924"]
[BlackFideId "10200010"]
[EventDate "2025.12.29"]

1. d4 Nf6 2. c4 e6 3. Nc3 Bb4 4. e3 c5 5. Ne2 cxd4 6. exd4 O-O 7. a3 Be7 8. Nf4
d5 9. cxd5 exd5 10. Bd3 Nc6 11. O-O h6 12. Bc2 Bg4 13. Qd3 Be6 14. Nxe6 fxe6 15.
Bxh6 gxh6 16. Qg6+ Kh8 17. Qxh6+ Kg8 18. Rae1 Rf7 19. Re3 Rg7 20. Rh3 Nxd4 21.
Bg6 Kf8 22. Rg3 Ng8 23. Qh5 Bf6 24. Bh7 Qe8 25. Qh3 Ne7 26. Bd3 Nef5 27. Rxg7
Bxg7 28. g4 Ne7 29. f4 Qf7 30. f5 exf5 31. gxf5 Qf6 32. Kh1 Re8 33. Rg1 Nexf5
34. Rf1 Re5 35. Nb5 Nxb5 36. Bxf5 Ke7 37. Bd3 1-0

[Event "World Blitz 2025"]
[Site "Doha QAT"]
[Date "2025.12.30"]
[Round "17.82"]
[White "George Samir, David"]
[Black "Ibrahimli, Murad"]
[Result "0-1"]
[WhiteTitle "IM"]
[BlackTitle "IM"]
[WhiteElo "2343"]
[BlackElo "2438"]
[WhiteFideId "10657789"]
[BlackFideId "13410229"]
[EventDate "2025.12.29"]

1. e4 d5 2. exd5 Qxd5 3. Nc3 Qd6 4. d4 Nf6 5. Nf3 a6 6. h3 b5 7. Ne5 Bb7 8. Bf4
Qd8 9. Be2 e6 10. Bf3 c6 11. O-O Be7 12. a4 b4 13. Ne4 Nd5 14. Bh2 Nd7 15. c4
bxc3 16. bxc3 O-O 17. Rb1 Nxe5 18. Bxe5 Bc8 19. c4 Nb4 20. c5 a5 21. Be2 Ba6 22.
Bxa6 Rxa6 23. Qg4 g6 24. Qe2 Ra7 25. Nd6 Bf6 26. f4 Bg7 27. Bxg7 Kxg7 28. Qe5+
Qf6 29. Rb3 Qxe5 30. fxe5 Rd7 31. Rbf3 Nd5 32. Rb1 Nb4 33. g4 h6 34. h4 Rfd8 35.
Rbf1 Rf8 36. g5 h5 37. Kg2 Nc2 38. Rd3 Rb8 39. Rdf3 Rf8 40. Rd1 Rb8 41. Rd2 Ne1+
42. Kf2 Nxf3 43. Kxf3 Rb4 44. Ke4 Rxa4 45. Rf2 Rb4 46. Ra2 a4 47. Ra3 Kf8 48.
Kd3 Rb3+ 49. Rxb3 axb3 50. Kc3 Ra7 51. Kxb3 Ra8 52. Kc3 Ke7 53. Kb2 Ra4 54. Kc3
Ra3+ 55. Kc4 Rh3 56. Nc8+ Kd7 57. Nb6+ Kd8 58. Kb4 Rxh4 59. Nc4 Rxd4 60. Kc3
Rxc4+ 61. Kxc4 Kc7 0-1

[Event "World Blitz 2025"]
[Site "Doha QAT"]
[Date "2025.12.30"]
[Round "17.83"]
[White "Medhus, Vitus Bondo"]
[Black "Alhassadi, Yousef A."]
[Result "1-0"]
[WhiteTitle "FM"]
[BlackTitle "FM"]
[WhiteElo "2387"]
[BlackElo "2098"]
[WhiteFideId "1462547"]
[BlackFideId "9204725"]
[EventDate "2025.12.29"]

1. e4 c5 2. Nc3 e6 3. Nf3 Nc6 4. d4 cxd4 5. Nxd4 Nf6 6. Ndb5 d6 7. Bf4 e5 8. Bg5
a6 9. Na3 b5 10. Bxf6 gxf6 11. Nd5 Bg7 12. g3 O-O 13. Bg2 f5 14. exf5 Bxf5 15.
Ne3 Nd4 16. c3 b4 17. Nac4 bxc3 18. bxc3 d5 19. cxd4 dxc4 20. Nxf5 exd4 21. O-O
Rc8 22. Re1 Kh8 23. Nxg7 Kxg7 24. Qg4+ Kh8 25. Red1 d3 26. Rac1 Qc7 27. Rxd3
cxd3 28. Rxc7 Rxc7 29. Qd4+ Kg8 30. Qxd3 Re8 31. Qxa6 Rc2 32. Bf1 Rd8 33. a4
Rdd2 34. Qf6 Ra2 35. a5 Rxa5 36. Bc4 Rd7 37. Bxf7+ 1-0

[Event "World Blitz 2025"]
[Site "Doha QAT"]
[Date "2025.12.30"]
[Round "17.84"]
[White "Rami, Talab"]
[Black "Assylov, Miras"]
[Result "0-1"]
[BlackTitle "FM"]
[WhiteElo "2173"]
[BlackElo "2393"]
[WhiteFideId "7609787"]
[BlackFideId "13728873"]
[EventDate "2025.12.29"]

1. d4 Nf6 2. Nf3 g6 3. c4 Bg7 4. Nc3 d6 5. e4 O-O 6. Be2 Na6 7. Be3 e5 8. d5 Nh5
9. a3 Nf4 10. Bf1 f5 11. Qc2 Nc5 12. Bxc5 dxc5 13. O-O-O a5 14. Kb1 Ra6 15. g3
Nh5 16. Nd2 f4 17. Be2 fxg3 18. fxg3 Nf6 19. Nb3 Qe7 20. Rhf1 Bh3 21. Rf2 Bh6
22. Nb5 Ng4 23. Rxf8+ Qxf8 24. Nxc7 Ne3 25. Qd3 Nxd1 26. Nxa6 Nf2 27. Qc3 bxa6
28. Qxa5 Nxe4 29. Bd3 Bf5 30. Ka2 Be3 31. Qxa6 Nc3+ 32. bxc3 Bxd3 33. Qe6+ Qf7 0-1

[Event "World Blitz 2025"]
[Site "Doha QAT"]
[Date "2025.12.30"]
[Round "17.109"]
[White "Anand, Tsogtbileg"]
[Black "Al Hosani, Omran"]
[Result "0-1"]
[WhiteTitle "CM"]
[BlackTitle "IM"]
[WhiteElo "1968"]
[BlackElo "2340"]
[WhiteFideId "4926552"]
[BlackFideId "9308733"]
[EventDate "2025.12.29"]

1. d4 Nf6 2. c4 e6 3. g3 d5 4. Bg2 Bb4+ 5. Nd2 a5 6. Nf3 O-O 7. Qc2 a4 8. O-O
Nc6 9. Rd1 Be7 10. e4 dxe4 11. Nxe4 Nxe4 12. Qxe4 Bf6 13. h4 h6 14. Be3 Qe7 15.
Ne5 Bxe5 16. dxe5 Ra5 17. f4 a3 18. b3 Nb4 19. Bd2 b6 20. Kh2 Ra7 21. c5 bxc5
22. Be3 Nd5 23. Bd2 Bb7 24. Qc2 Nb4 25. Bxb4 cxb4 26. Bxb7 Rxb7 27. Rd4 c5 28.
Rd6 Rc8 29. Qc4 h5 30. Rad1 g6 31. Kg2 Kg7 32. Kh2 Rcc7 33. Kg2 Qe8 34. Kh2 Qb5
35. Qxb5 Rxb5 36. Rc1 c4 37. bxc4 b3 38. axb3 Rxb3 39. Ra1 Rxc4 40. Ra6 Rcc3 41.
Rg1 Rb2+ 42. Kh3 Rcc2 43. Rh1 a2 44. Ra7 Rb1 0-1

[Event "World Blitz 2025"]
[Site "Doha QAT"]
[Date "2025.12.30"]
[Round "17.110"]
[White "Al Mashikhi, Salim Aliyan"]
[Black "Bodemar, Jonathan"]
[Result "0-1"]
[WhiteTitle "FM"]
[BlackTitle "CM"]
[WhiteElo "1952"]
[BlackElo "2154"]
[WhiteFideId "22000046"]
[BlackFideId "6205488"]
[EventDate "2025.12.29"]

1. c4 e5 2. Nc3 Nf6 3. Nf3 Nc6 4. e3 Bb4 5. Nd5 Be7 6. Nxe7 Qxe7 7. Be2 O-O 8.
O-O d5 9. cxd5 Nxd5 10. d4 Rd8 11. Qa4 Nb6 12. Qc2 exd4 13. exd4 Nxd4 14. Nxd4
Rxd4 15. Bf3 c6 16. Be3 Rd8 17. Bc5 Qf6 18. Rfe1 Be6 19. b3 Nd5 20. Rad1 Rd7 21.
Bd4 Nb4 22. Qb2 Rxd4 23. Rxd4 Nd3 24. Qd2 Qxd4 25. Rd1 Rd8 26. Qa5 Qxf2+ 27. Kh1
Qb6 28. Qxb6 axb6 29. Kg1 Bf5 30. g4 Bg6 31. h4 h6 32. h5 Bh7 33. b4 Kf8 34. b5
Rd6 35. bxc6 bxc6 36. Rb1 b5 37. a4 bxa4 38. Rb8+ Ke7 39. Rb7+ Rd7 40. Rb8 Ne5
41. Be2 Be4 42. Ra8 Bf3 43. Bxf3 Nxf3+ 44. Kf2 Ne5 45. Rxa4 c5 46. Kg3 Kd6 47.
Ra6+ Kd5 48. Kf4 Rc7 49. Ra8 c4 50. Rd8+ Nd7 51. Rg8 c3 52. Rxg7 c2 53. Rxf7
c1=Q+ 54. Kf5 Qf1+ 55. Kg6 Ne5+ 0-1

[Event "World Blitz 2025"]
[Site "Doha QAT"]
[Date "2025.12.30"]
[Round "17.111"]
[White "Fandi, Mazen"]
[Black "Chekh Adm Khedr, Aram"]
[Result "1-0"]
[WhiteTitle "FM"]
[BlackTitle "FM"]
[WhiteElo "2304"]
[BlackElo "2139"]
[WhiteFideId "7611625"]
[BlackFideId "7601948"]
[EventDate "2025.12.29"]

1. e4 c5 2. Nf3 e6 3. d4 cxd4 4. Nxd4 a6 5. c4 Nf6 6. Nc3 Qc7 7. Bd3 Nc6 8. Nxc6
bxc6 9. O-O Bc5 10. Qe2 e5 11. Be3 Qa7 12. Bxc5 Qxc5 13. Na4 Qa5 14. b3 c5 15.
f4 d6 16. fxe5 dxe5 17. Qf2 O-O 18. Qxc5 Qd2 19. Rfd1 Qg5 20. Nb6 Rb8 21. Nd5
Nh5 22. Qe3 Nf4 23. Qg3 Qh6 24. Bf1 Kh8 25. Nxf4 exf4 26. Qf2 Bb7 27. e5 Rbe8
28. Rd6 Qg5 29. Rd4 f3 30. g3 Qxe5 31. Rad1 f5 32. Rd7 Re7 33. Qd4 Rxd7 34. Qxe5
Rxd1 35. Qe7 Rfd8 36. Qxb7 f2+ 37. Kxf2 R8d2+ 38. Be2 Rd7 39. Qxa6 R1d2 40. Qc8+
Rd8 41. Qxf5 h6 42. Ke1 Rxa2 43. Bd3 Kg8 44. Qg6 Rf8 1-0

[Event "World Blitz 2025"]
[Site "Doha QAT"]
[Date "2025.12.30"]
[Round "17.112"]
[White "Ezat, Mohamed"]
[Black "Ammar, Sedrani"]
[Result "1-0"]
[WhiteTitle "IM"]
[BlackTitle "FM"]
[WhiteElo "2294"]
[BlackElo "2203"]
[WhiteFideId "10600906"]
[BlackFideId "9312331"]
[EventDate "2025.12.29"]

1. d4 d5 2. c4 e6 3. Nc3 Nf6 4. cxd5 exd5 5. Bg5 Be7 6. e3 c6 7. Qc2 h6 8. Bxf6
Bxf6 9. Bd3 a5 10. Nge2 O-O 11. O-O Re8 12. a3 Na6 13. Rab1 Qe7 14. Na4 Qd8 15.
b4 axb4 16. axb4 Bd7 17. b5 cxb5 18. Bxb5 Rc8 19. Qd3 Bxb5 20. Rxb5 Re7 21. Nb6
Rc6 22. Nxd5 Rd7 23. Qb3 Bg5 24. g3 Nc5 25. dxc5 Rxd5 26. Rxb7 Rdxc5 27. Qxf7+
Kh8 28. Qxg7# 1-0

[Event "World Blitz 2025"]
[Site "Doha QAT"]
[Date "2025.12.30"]
[Round "17.113"]
[White "Anwoir, Tarik"]
[Black "Grafl, Florian"]
[Result "1-0"]
[BlackTitle "IM"]
[WhiteElo "2098"]
[BlackElo "2343"]
[WhiteFideId "9004904"]
[BlackFideId "4645715"]
[EventDate "2025.12.29"]

1. d4 Nc6 2. d5 Ne5 3. Nf3 Nxf3+ 4. exf3 e6 5. dxe6 fxe6 6. Bd3 Nf6 7. O-O Be7
8. Re1 O-O 9. Nc3 b6 10. Ne4 Bb7 11. Nxf6+ Bxf6 12. c3 a5 13. Be4 Bxe4 14. Rxe4
Re8 15. Bf4 d5 16. Re1 e5 17. Bg3 c5 18. Qb3 Kh8 19. Rad1 d4 20. Re4 a4 21. Qc2
c4 22. cxd4 exd4 23. Rxe8+ Qxe8 24. Qxc4 Rc8 25. Qd3 Qc6 26. Kf1 Qc2 27. Bf4 g5
28. Qxc2 Rxc2 29. Bc1 d3 30. b3 axb3 31. axb3 Bc3 32. Bxg5 Bd4 33. Rxd3 Rxf2+
34. Ke1 Bc5 35. b4 Rxg2 36. Bf6+ Kg8 37. bxc5 bxc5 38. Rc3 Rxh2 39. Rxc5 Kf7 40.
Be5 Ra2 41. Kf1 Kg6 42. Bg3 h5 43. Rc4 Kg5 44. Bh4+ Kf5 45. Bf2 Kg5 46. Kg2 Kf5
47. Kg3 Kg6 48. Rc6+ Kf5 49. Rh6 Ra3 50. Rxh5+ Kg6 51. Rb5 Ra4 52. f4 Kf6 53.
Kg4 Ra2 54. Bd4+ Ke6 55. Be5 Rg2+ 56. Kf3 Ra2 57. Ke3 Kf5 58. Bb8+ Ke6 59. f5+
Kf6 60. Kf3 Ra1 61. Bg3 Ra4 62. Bf4 Ra2 63. Kg4 Rg2+ 64. Bg3 Ra2 65. Rb6+ Kf7
66. Be5 Rg2+ 67. Kf3 Ra2 68. Rb7+ Ke8 69. Kf4 Rg2 70. Bd4 Rd2 71. Ke5 Kf8 72.
Kf6 Ke8 73. Be5 Kd8 74. Ke6 1-0

[Event "World Blitz 2025"]
[Site "Doha QAT"]
[Date "2025.12.30"]
[Round "17.114"]
[White "Muntean, Victor"]
[Black "Tissir, Mohamed"]
[Result "0-1"]
[BlackTitle "IM"]
[WhiteElo "2169"]
[BlackElo "2293"]
[WhiteFideId "1054414"]
[BlackFideId "9000240"]
[EventDate "2025.12.29"]

1. e4 c5 2. c3 d5 3. exd5 Qxd5 4. d4 Nf6 5. Nf3 e6 6. Na3 a6 7. Nc4 Nbd7 8. Be3
cxd4 9. Qxd4 Be7 10. O-O-O O-O 11. h3 b5 12. Nce5 Qxa2 13. Bd3 Bc5 14. Qh4 Bxe3+
15. fxe3 Nc5 16. Bb1 Nb3+ 17. Kc2 Na1+ 18. Kc1 Qa5 19. Nd4 Bb7 20. Nd7 Rfc8 21.
Nxf6+ gxf6 22. Qxh7+ Kf8 23. Nxe6+ Ke7 24. Qd3 Nb3+ 25. Kc2 Na1+ 26. Kc1 Nb3+
27. Kc2 Na1+ 28. Kd2 Rd8 29. Nxd8 Rxd8 30. Qxd8+ Kxd8 31. Ke2+ Ke7 32. Bf5 Bc6
33. Rxa1 Qc7 34. Rhd1 Qg3 35. Bg4 Qxg2+ 36. Kd3 Qxb2 37. Rxa6 Bd5 38. Ra7+ Kd6
39. Rd7+ Ke5 40. Re7+ Kd6 41. Rd7+ Kc6 42. e4 Bc4+ 43. Ke3 Qxc3+ 44. Kf2 Qc2+
45. R1d2 Qc1 46. h4 Qf1+ 47. Kg3 Qe1+ 48. Kh3 Qxe4 49. h5 Qf4 50. Rd8 Bf1+ 51.
Rg2 Bxg2+ 52. Kxg2 Qxg4+ 53. Kf2 Qf4+ 54. Ke1 Qh4+ 55. Kd2 Qxh5 56. Rc8+ Kb7 57.
Rf8 Qd5+ 58. Ke1 Qe6+ 59. Kf2 b4 60. Kf3 b3 0-1

[Event "World Blitz 2025"]
[Site "Doha QAT"]
[Date "2025.12.30"]
[Round "17.115"]
[White "Musovic, Armin"]
[Black "Phuyal, Aashish"]
[Result "0-1"]
[WhiteTitle "FM"]
[WhiteElo "2190"]
[BlackElo "1955"]
[WhiteFideId "939935"]
[BlackFideId "12312649"]
[EventDate "2025.12.29"]

1. e4 e5 2. Nf3 Nc6 3. Nc3 Nf6 4. a3 g6 5. Nxe5 Nxe5 6. d4 Nc6 7. d5 d6 8. dxc6
bxc6 9. e5 dxe5 10. Qxd8+ Kxd8 11. Bg5 Be7 12. O-O-O+ Ke8 13. f3 Be6 14. Ba6 Rb8
15. Rhe1 Nd7 16. Bh6 Rg8 17. Be3 f5 18. Rd2 Bd6 19. Bg5 Kf7 20. Red1 Rb6 21. Bf1
Rgb8 22. Na4 R6b7 23. Rxd6 cxd6 24. Rxd6 Rc7 25. Ba6 Bd5 26. c4 Be6 27. b4 Nb6
28. Nc5 Bxc4 29. Rf6+ Kg8 30. Bxc4+ Nxc4 31. Na6 Rbb7 32. Nxc7 Rxc7 33. Bh6 Rc8
34. a4 Nb6 35. Re6 Nxa4 36. Rxe5 Nc3 37. Re7 Nd5 38. Rg7+ Kh8 39. Rxa7 Nxb4 40.
Kd2 Nd5 41. Rd7 Kg8 42. Rg7+ Kh8 43. Rd7 Kg8 44. h4 Rc7 45. Rd8+ Kf7 46. g4 fxg4
47. fxg4 Nf6 48. Rf8+ Ke7 49. Rh8 Ke6 50. g5 Ng4 51. Bf8 Rc8 52. Kd3 Ne5+ 53.
Kc3 Nd7 54. Bg7 Rxh8 55. Bxh8 Kf5 56. Kd4 Kg4 57. Ke4 Kxh4 58. Kf4 Nf8 59. Bf6
Nd7 60. Be7 c5 61. Bf6 c4 62. Bd4 Nf8 63. Bf6 Ne6+ 64. Ke5 Nxg5 65. Kd4 Kg4 66.
Kxc4 h5 67. Kd3 h4 68. Ke3 h3 69. Be5 Nf3 70. Bd6 h2 71. Bxh2 Nxh2 72. Kd4 0-1

[Event "World Blitz 2025"]
[Site "Doha QAT"]
[Date "2025.12.30"]
[Round "17.116"]
[White "Alrehaili, Ahmed Abdullah S"]
[Black "Sharan, Rao"]
[Result "0-1"]
[WhiteTitle "FM"]
[BlackTitle "IM"]
[WhiteElo "2106"]
[BlackElo "2341"]
[WhiteFideId "21518840"]
[BlackFideId "5073464"]
[EventDate "2025.12.29"]

1. e4 d5 2. exd5 Qxd5 3. Nc3 Qd8 4. d4 Nf6 5. Nf3 c6 6. Bc4 Bf5 7. Ne5 e6 8. Bg5
Be7 9. f3 h6 10. Be3 Nbd7 11. Qe2 Nb6 12. Bb3 Nbd5 13. Nxd5 Nxd5 14. Bd2 a5 15.
a4 O-O 16. O-O c5 17. dxc5 Bxc5+ 18. Kh1 Qc7 19. Rae1 Rad8 20. Qb5 b6 21. Bc1
Nb4 22. Qe2 Nc6 23. Nxc6 Qxc6 24. Qe5 Bd4 25. Qg3 Kh8 26. c3 Bf6 27. Rd1 b5 28.
Qf4 Bg5 29. axb5 Qxb5 30. Qa4 Qa6 31. Bxg5 hxg5 32. Bc4 Qb6 33. b3 Bc2 34. Rxd8
Rxd8 35. Qa2 Rd2 36. Qa3 Qd8 37. h3 Kh7 38. Qa4 Bd3 39. Bxd3+ Qxd3 40. Rc1 Qe2
41. Qg4 Qe5 42. b4 a4 43. c4 a3 44. Qe4+ Qxe4 45. fxe4 Rb2 46. Kh2 Rxb4 47. Ra1
Rxc4 48. Rxa3 Rxe4 49. Kg3 Kg6 50. Kf3 Rf4+ 51. Kg3 Rc4 52. Kf3 f6 53. Ra6 e5
54. Ra3 Rf4+ 55. Ke3 Rf1 56. g4 Rh1 57. Kf2 Rd1 58. Ke2 Rd7 59. Ra5 Kf7 60. Ke3
g6 61. Ra6 Rb7 62. Ra3 Rc7 63. Ke4 Rd7 64. Ke3 Ke6 65. Ra6+ Rd6 66. Ra8 f5 67.
Rg8 Kf7 68. Ra8 Rb6 69. Rh8 Rb3+ 70. Kf2 e4 71. gxf5 gxf5 72. Rh6 f4 73. Rh5 Kg6 0-1

[Event "World Blitz 2025"]
[Site "Doha QAT"]
[Date "2025.12.30"]
[Round "17.117"]
[White "Damaj, Mohammed"]
[Black "Nainys, Zanas"]
[Result "1-0"]
[WhiteTitle "CM"]
[WhiteElo "2119"]
[BlackElo "2307"]
[WhiteFideId "11501731"]
[BlackFideId "12844098"]
[EventDate "2025.12.29"]

1. d4 d5 2. Nc3 Nf6 3. Bf4 a6 4. e3 h6 5. h3 c5 6. dxc5 Nc6 7. Nf3 e6 8. a3 Bxc5
9. Ne5 Bd6 10. Nxc6 bxc6 11. Bxd6 Qxd6 12. Be2 a5 13. O-O Rb8 14. Na4 O-O 15.
Qd2 Qc7 16. c4 Ne4 17. Qc2 Qe5 18. Bd3 Nd6 19. c5 Nb7 20. Nb6 Qc7 21. b4 e5 22.
Bf5 Bxf5 23. Qxf5 Rfd8 24. Rfd1 g6 25. Qf6 Re8 26. Rac1 Re6 27. Qf3 axb4 28.
axb4 Nd6 29. Nxd5 cxd5 30. cxd6 Qxd6 31. Rxd5 Qxb4 32. Rd7 Re7 33. Rcc7 Rxd7 34.
Rxd7 Qc4 35. Qf6 Re8 36. Kh2 h5 37. Ra7 Qd5 38. Rc7 e4 39. Ra7 Qc4 40. Rd7 Qb3
41. Rc7 Qa2 42. Rb7 Qc4 43. Rd7 Qb3 44. g4 hxg4 45. hxg4 Rc8 46. Kg2 Qc4 47. Rd1
Qe6 48. Qxe6 fxe6 49. Rd4 1-0

[Event "World Blitz 2025"]
[Site "Doha QAT"]
[Date "2025.12.30"]
[Round "17.118"]
[White "Alsaqer, Meshal"]
[Black "Khayat, Emad"]
[Result "0-1"]
[WhiteElo "1853"]
[BlackElo "1927"]
[WhiteFideId "10301771"]
[BlackFideId "21518076"]
[EventDate "2025.12.29"]

1. d4 Nf6 2. Nf3 e6 3. Bg5 c5 4. e3 Qb6 5. b3 cxd4 6. exd4 Ne4 7. Be3 Bb4+ 8.
Nbd2 d5 9. Bd3 O-O 10. O-O Nxd2 11. Bxd2 Nc6 12. c3 Be7 13. Qe2 Bd7 14. Be3 Rac8
15. c4 Bf6 16. c5 Qc7 17. Rac1 Rfe8 18. Bb1 e5 19. dxe5 Nxe5 20. Nxe5 Bxe5 21.
Qh5 g6 22. Qh4 Bc6 23. Rfd1 a5 24. Bd4 Bf4 25. Rc3 Be5 26. Bxe5 Qxe5 27. Rcc1
Rcd8 28. Qd4 Qe2 29. h3 Rd7 30. Bd3 Qe7 31. Bf1 Qd8 32. a3 Rde7 33. Bd3 Qc7 34.
b4 axb4 35. axb4 Qe5 36. Qxe5 Rxe5 37. b5 Bd7 38. c6 bxc6 39. bxc6 Bc8 40. Kf1
Kf8 41. Bb5 R8e6 42. Rd2 Ke7 43. Rcd1 Rd6 44. Ba4 Kd8 45. g3 h5 46. h4 Kc7 47.
Rb1 Ba6+ 48. Kg1 d4 49. Bd1 Rxc6 50. Bf3 Rd6 51. Rc2+ Kd7 52. Ra2 Bd3 53. Rd1
Bc4 54. Ra4 Bb3 55. Ra7+ Ke6 56. Rb1 Bc2 57. Rb4 d3 58. Rbb7 Re1+ 59. Kg2 d2 60.
Re7+ Kf6 61. Rxf7+ Ke5 62. Rae7+ Kd4 63. Rd7 Rxd7 64. Rxd7+ Kc3 65. Rc7+ Kb2 66.
Rb7+ Kc1 67. Rc7 Kb2 68. Rb7+ Kc3 69. Rc7+ Kb3 70. Rb7+ Ka4 71. Rb6 Be4 72. Bxe4
d1=Q 73. Ra6+ Kb5 74. Re6 Rxe4 75. Rxe4 Qd5 76. f3 Kc5 77. Re2 0-1

[Event "World Blitz 2025"]
[Site "Doha QAT"]
[Date "2025.12.30"]
[Round "17.119"]
[White "AlJamaat, Khaled"]
[Black "Nikitenko, Mihail"]
[Result "0-1"]
[BlackTitle "GM"]
[WhiteElo "1719"]
[BlackElo "2476"]
[WhiteFideId "12102415"]
[BlackFideId "13506862"]
[EventDate "2025.12.29"]

1. e4 c5 2. Ne2 Nc6 3. g3 g6 4. Bg2 Bg7 5. O-O d6 6. c3 e5 7. d3 Nge7 8. f4 Be6
9. a4 Qd7 10. Na3 O-O 11. Be3 b6 12. d4 cxd4 13. cxd4 exf4 14. Nxf4 d5 15. e5
Nf5 16. Bf2 Bh6 17. Nxe6 fxe6 18. Bh3 Rf7 19. Bxf5 Rxf5 20. Nb5 Raf8 21. Kg2 Qf7
22. Qe2 Qd7 23. Nd6 Rxf2+ 24. Rxf2 Nxd4 25. Rxf8+ Bxf8 26. Qf2 Nc6 27. Rf1 Bg7
28. Nb5 Nxe5 29. Qe2 Nf7 30. Re1 e5 31. Rd1 h5 32. Qf3 d4 33. Qe4 Kh7 34. Rf1
Ng5 35. Qd3 Qd5+ 36. Kg1 Nh3# 0-1

[Event "World Blitz 2025"]
[Site "Doha QAT"]
[Date "2025.12.30"]
[Round "17.120"]
[White "Fates, Omer Salah"]
[Black "Aziz, Husain"]
[Result "0-1"]
[BlackTitle "IM"]
[WhiteElo "2079"]
[BlackElo "2256"]
[WhiteFideId "9212035"]
[BlackFideId "12100293"]
[EventDate "2025.12.29"]

1. e4 e5 2. Nf3 Nc6 3. Bc4 Nf6 4. d3 h6 5. c3 d6 6. h3 g6 7. O-O Bg7 8. Be3 O-O
9. Nbd2 d5 10. exd5 Nxd5 11. Re1 a6 12. a4 b6 13. Nf1 Nxe3 14. Nxe3 Bb7 15. Qc2
Na5 16. Nd2 Nxc4 17. Ndxc4 Qg5 18. Qe2 Rad8 19. Rad1 f5 20. f3 Rfe8 21. Kh1 h5
22. Qf2 h4 23. Nf1 Qf4 24. Qe3 Bh6 25. Qxf4 Bxf4 26. Re2 Kg7 27. d4 exd4 28.
Rxe8 Rxe8 29. cxd4 Re2 30. d5 Rc2 31. b3 Rc3 32. d6 cxd6 33. Nxd6 Bc6 34. b4
Bxa4 35. Ne8+ Kf7 36. Nd6+ Ke6 37. Nb7 Bxd1 0-1

[Event "World Blitz 2025"]
[Site "Doha QAT"]
[Date "2025.12.30"]
[Round "17.121"]
[White "Ahmad, Saif"]
[Black "Berend, Fred"]
[Result "1-0"]
[BlackTitle "IM"]
[WhiteElo "1567"]
[BlackElo "2213"]
[WhiteFideId "12102709"]
[BlackFideId "4000102"]
[EventDate "2025.12.29"]

1. d4 g6 2. c4 Bg7 3. Nc3 c5 4. d5 Bxc3+ 5. bxc3 f5 6. Bf4 Nf6 7. Be5 d6 8. Bxf6
exf6 9. Nf3 Nd7 10. e3 Qa5 11. Qc2 Ne5 12. Be2 Bd7 13. O-O O-O-O 14. Rfb1 Kc7
15. Nd2 1-0

[Event "World Blitz 2025"]
[Site "Doha QAT"]
[Date "2025.12.30"]
[Round "17.122"]
[White "Ashwath Kaushik"]
[Black "Al-Kuwari, Hamad"]
[Result "1-0"]
[WhiteTitle "FM"]
[BlackTitle "CM"]
[WhiteElo "2345"]
[BlackElo "1809"]
[WhiteFideId "33387230"]
[BlackFideId "12102679"]
[EventDate "2025.12.29"]

1. d4 d5 2. Nf3 Nf6 3. c4 e6 4. e3 dxc4 5. Bxc4 a6 6. Qe2 b5 7. Bd3 Bb7 8. O-O
Nbd7 9. e4 Be7 10. a3 c5 11. e5 Nd5 12. Nc3 cxd4 13. Nxd5 Bxd5 14. Nxd4 1-0

[Event "World Blitz 2025"]
[Site "Doha QAT"]
[Date "2025.12.30"]
[Round "17.123"]
[White "Dinham, James"]
[Black "Dahal, Sushrut"]
[Result "0-1"]
[BlackTitle "CM"]
[WhiteElo "2091"]
[BlackElo "2037"]
[WhiteFideId "14327023"]
[BlackFideId "12303275"]
[EventDate "2025.12.29"]

1. e4 c5 2. Nf3 e6 3. c3 Nf6 4. Bd3 d5 5. exd5 exd5 6. O-O Be7 7. h3 O-O 8. Bc2
d4 9. d3 Nc6 10. Bf4 Bf5 11. Re1 Re8 12. Na3 dxc3 13. bxc3 Nd5 14. Bd2 Bf6 15.
Rxe8+ Qxe8 16. c4 Ndb4 17. Rb1 Qd7 18. d4 Nxc2 19. Nxc2 Nxd4 20. Nfxd4 cxd4 21.
Rc1 Qa4 22. Bf4 Qxc4 23. Ne1 Qxa2 24. Qf3 Qb2 25. g4 Be6 26. Rc7 Qb4 27. Nd3
Qb1+ 28. Kh2 g5 29. Bg3 Kg7 30. Rxb7 Qc2 31. Ne5 Rd8 32. Nc6 Bd5 33. Qf5 Qxf5
34. gxf5 Bxc6 35. Rxa7 d3 0-1

[Event "World Blitz 2025"]
[Site "Doha QAT"]
[Date "2025.12.30"]
[Round "17.124"]
[White "Blackwood, Ryan"]
[Black "Alkhuriji, Abdulaziz N"]
[Result "1-0"]
[WhiteElo "1945"]
[BlackElo "1972"]
[WhiteFideId "7400640"]
[BlackFideId "21525919"]
[EventDate "2025.12.29"]

1. e4 e5 2. Nf3 Nc6 3. d4 exd4 4. Nxd4 Nf6 5. Nc3 Bb4 6. Nxc6 bxc6 7. Bd3 O-O 8.
O-O d5 9. exd5 cxd5 10. Bg5 c6 11. Ne2 h6 12. Bh4 Re8 13. c3 Bd6 14. Nd4 Bd7 15.
Bc2 Rb8 16. Qd3 g6 17. b3 Kg7 18. Rae1 Qc7 19. Bg3 c5 20. Nf3 Bf5 21. Qd2 Bxc2
22. Qxc2 Bxg3 23. hxg3 a5 24. Qd3 Qc6 25. Ne5 Qd6 26. f4 a4 27. bxa4 Rb2 28. Rf2
Reb8 29. Rd2 Rxd2 30. Qxd2 Qb6 31. g4 Qb2 32. Re2 Qa1+ 33. Kh2 Rb1 34. g5 Rh1+
35. Kg3 Nh5+ 36. Kf3 Rf1+ 37. Rf2 Rxf2+ 38. Kxf2 c4 39. g4 1-0

[Event "World Blitz 2025"]
[Site "Doha QAT"]
[Date "2025.12.30"]
[Round "17.125"]
[White "Al-Mansouri, Fahad"]
[Black "Al-Janahi, Ibrahim"]
[Result "1-0"]
[WhiteElo "1607"]
[BlackElo "1656"]
[WhiteFideId "12102407"]
[BlackFideId "12102385"]
[EventDate "2025.12.29"]

1. e4 c5 2. Nf3 g6 3. d4 cxd4 4. Nxd4 Bg7 5. c4 Nc6 6. Be3 Nf6 7. Nc3 d6 8. Be2
O-O 9. f3 Bd7 10. Qd2 a5 11. h4 Rc8 12. h5 Ne5 13. hxg6 hxg6 14. Bh6 Nh5 15. g4
Ng3 16. Bxg7 Kxg7 17. Qh6+ Kf6 18. g5# 1-0

[Event "World Blitz 2025"]
[Site "Doha QAT"]
[Date "2025.12.30"]
[Round "18.1"]
[White "Vachier-Lagrave, Maxime"]
[Black "Carlsen, Magnus"]
[Result "0-1"]
[WhiteTitle "GM"]
[BlackTitle "GM"]
[WhiteElo "2734"]
[BlackElo "2840"]
[WhiteFideId "623539"]
[BlackFideId "1503014"]
[EventDate "2025.12.29"]

1. e4 c5 2. Nf3 e6 3. Nc3 a6 4. d4 cxd4 5. Qxd4 b5 6. Bf4 Bb7 7. O-O-O Nf6 8.
Bd3 Nc6 9. Qe3 Nb4 10. Kb1 Rc8 11. a3 Bc5 12. Qe2 Nxd3 13. Rxd3 b4 14. axb4 Bxb4
15. Be5 O-O 16. Na2 a5 17. Bxf6 Qxf6 18. Rxd7 Bc6 19. Rdd1 Bc5 20. e5 Qg6 21.
Ne1 a4 22. Nd3 Be7 23. h4 Qxg2 24. Rdg1 Qe4 25. Qxe4 Bxe4 26. Rh3 Rc4 27. h5
Rfc8 28. c3 Rd8 29. Kc2 Bf5 30. Rhg3 g6 31. hxg6 fxg6 32. Nc1 Re4 33. Re3 Rxe3
34. fxe3 h5 35. Kd2 Kg7 36. Ke2 Rb8 37. Kf3 g5 38. e4 g4+ 39. Ke3 Bg5+ 40. Nf4
Bg6 41. Nd3 Kh6 42. c4 Rf8 43. c5 Be8 44. Ke2 Bxf4 0-1